Asian perspective

Bibliographic Details
Corporate Authors: Hatfield School of Government, Portland State University
Format: Unknown
Language:English
Published: [Seoul, Korea] Institute for Far Eastern Studies, Kyung Nam University
Online Access:Acceso restringido

MARC

LEADER 00000ny a22000003n 4500
005 20110516131440.0
008 771116c19779999ko qr p s 0 a0eng
022 |a 0258-9184 
035 |a 5192 
040 |a MnMULS  |d vLex 
050 0 0 |a DS1  |b .A47459 
050 0 0 |a DS1  |b .A47459 
082 4 |a 950/.05 
090 |c 1960  |d 1960 
245 3 0 |a Asian perspective  |h [Recurso electrn̤ico] 
256 |a Servicio en ln̕ea 
260 |a [Seoul, Korea]  |b Institute for Far Eastern Studies, Kyung Nam University 
310 |a Trimestral,  |b 2001- 
321 |a Semiannual,  |b 1977- 
321 |a Thee no. a year,  |b 1997- 
506 1 |a Contenido solo disponible en los productos indicados  |d vLex Global  |d vLex Global (Academic Edition, excluding Law Schools)  |d vLex Global (U.S. Academic Edition, excluding Law Schools) 
710 2 |a Hatfield School of Government 
710 2 |a Portland State University 
740 |a vLex Revista (Servicios en ln̕ea) 
843 |a Electrn̤ica. Cerrada 
853 |8 1  |i (year)  |j (month)  |k (day) 
856 4 0 |z Acceso restringido  |u http://vlex.com/account/login_ip?fuente_id=5192 
942 |c REV 
999 0 |a Political science